Estadísticas para Top 4 Posiciones en la Copa Mundial de la FIFA

Haz click aquí para tomar la prueba!

Estadísticas generales

  • Esta prueba ha sido tomada 15.265 veces
    (5.230 desde el último reinicio)
  • La puntuación promedio es 22 de 26

Estadísticas de respuestas

Equipo% Correcto
Argentina
100%
Francia
100%
Alemania
99%
Alemania Occidental
99%
Brasil
99%
España
99%
Italia
98%
Croacia
96%
Uruguay
96%
Inglaterra
95%
Países Bajos
95%
Marruecos
92%
Bélgica
90%
Portugal
88%
Unión Soviética
88%
Chile
84%
Estados Unidos
81%
Suecia
81%
Corea del Sur
74%
Hungría
73%
Polonia
71%
Turquía
64%
Yugoslavia
63%
Austria
60%
Bulgaria
54%
Checoslovaquia
53%

Distribución de puntuación

Porcentaje por número respondido

Porcentaje de gente con cada puntuación

Historial de tus puntuaciones

No has tomado esta prueba desde el último reinicio